[Event "European Individual Chess Championship 2017"]
[Site "Minsk"]
[Date "2017.06.08"]
[Round "9.15"]
[White "Kozul, Zdenko"]
[Black "Duda, Jan-Krzysztof"]
[Result "0-1"]
[BlackElo "2693"]
[WhiteElo "2617"]
[LiveChessVersion "1.4.8"]

1. d4 {[%clk 1:30:55]} Nf6 {[%clk 1:30:51]} 2. c4 {[%clk 1:31:14]} e6
{[%clk 1:31:14]} 3. Nf3 {[%clk 1:29:36]} b6 {[%clk 1:31:27]} 4. a3
{[%clk 1:28:36]} Ba6 {[%clk 1:31:35]} 5. Qb3 {[%clk 1:28:21]} c5 {[%clk 1:20:50]}
6. d5 {[%clk 1:28:30]} g6 {[%clk 1:18:58]} 7. Nc3 {[%clk 1:25:30]} exd5
{[%clk 1:14:03]} 8. cxd5 {[%clk 1:25:52]} Bg7 {[%clk 1:14:17]} 9. e4
{[%clk 1:22:33]} Bxf1 {[%clk 1:13:55]} 10. Kxf1 {[%clk 1:22:57]} d6
{[%clk 1:11:18]} 11. g3 {[%clk 1:22:47]} O-O {[%clk 1:11:04]} 12. Kg2
{[%clk 1:23:11]} a6 {[%clk 1:09:18]} 13. a4 {[%clk 1:22:43]} Ra7 {[%clk 1:09:43]}
14. Re1 {[%clk 1:09:35]} Nbd7 {[%clk 1:05:07]} 15. h3 {[%clk 0:59:37]} Qb8
{[%clk 1:04:43]} 16. Bf4 {[%clk 0:56:31]} Nh5 {[%clk 1:00:58]} 17. Be3
{[%clk 0:54:03]} Rb7 {[%clk 0:58:57]} 18. g4 {[%clk 0:40:17]} Nhf6
{[%clk 0:58:37]} 19. Bf4 {[%clk 0:40:43]} h5 {[%clk 0:55:43]} 20. g5
{[%clk 0:39:22]} Ne8 {[%clk 0:56:06]} 21. Bh2 {[%clk 0:36:18]} Ne5
{[%clk 0:54:55]} 22. Nxe5 {[%clk 0:30:09]} dxe5 {[%clk 0:52:54]} 23. Qc4
{[%clk 0:30:11]} Qd8 {[%clk 0:47:16]} 24. f4 {[%clk 0:28:44]} Nd6
{[%clk 0:29:49]} 25. Qxa6 {[%clk 0:27:13]} Re7 {[%clk 0:29:04]} 26. f5
{[%clk 0:17:44]} gxf5 {[%clk 0:29:00]} 27. exf5 {[%clk 0:14:25]} Nxf5
{[%clk 0:26:30]} 28. Qc4 {[%clk 0:14:43]} Rd7 {[%clk 0:24:14]} 29. Kh1
{[%clk 0:12:20]} Nd4 {[%clk 0:14:36]} 30. Rg1 {[%clk 0:10:53]} Re8
{[%clk 0:12:26]} 31. Rg2 {[%clk 0:08:30]} e4 {[%clk 0:12:20]} 32. Rf1
{[%clk 0:08:32]} Rd6 {[%clk 0:07:58]} 33. Re1 {[%clk 0:06:27]} Nf3
{[%clk 0:04:58]} 34. Rxe4 {[%clk 0:05:49]} Nxh2 {[%clk 0:04:12]} 35. Rxe8+
{[%clk 0:05:14]} Qxe8 {[%clk 0:04:34]} 36. Re2 {[%clk 0:00:58]} Qd8
{[%clk 0:03:16]} 37. Kxh2 {[%clk 0:01:15]} Qxg5 {[%clk 0:02:46]} 38. Rg2
{[%clk 0:00:49]} Qe5+ {[%clk 0:01:59]} 39. Kh1 {[%clk 0:01:04]} Kf8
{[%clk 0:01:28]} 40. Qa6 {[%clk 0:30:40]} Bf6 {[%clk 0:30:58]} 41. Qd3
{[%clk 0:28:25]} Qe1+ {[%clk 0:23:06]} 42. Rg1 {[%clk 0:27:13]} Qh4
{[%clk 0:23:26]} 43. Rf1 {[%clk 0:20:16]} Bd4 {[%clk 0:20:16]} 44. Ne2
{[%clk 0:16:50]} Bxb2 {[%clk 0:15:22]} 45. Qf5 {[%clk 0:12:11]} Rf6
{[%clk 0:11:23]} 46. Qc8+ {[%clk 0:12:14]} Kg7 {[%clk 0:11:42]} 47. Rg1+
{[%clk 0:11:24]} Rg6 {[%clk 0:12:04]} 48. Qf5 {[%clk 0:11:42]} Rxg1+
{[%clk 0:05:41]} 49. Nxg1 {[%clk 0:12:06]} Bf6 {[%clk 0:05:09]} 50. Kg2
{[%clk 0:06:41]} Qg5+ {[%clk 0:03:55]} 51. Qxg5+ {[%clk 0:07:05]} Bxg5
{[%clk 0:04:21]} 52. Nf3 {[%clk 0:07:18]} Bf4 {[%clk 0:04:15]} 53. Kf1
{[%clk 0:07:30]} Kf6 {[%clk 0:04:32]} 54. Ke2 {[%clk 0:07:55]} c4
{[%clk 0:03:04]} 55. h4 {[%clk 0:08:15]} Kf5 {[%clk 0:03:19]} 56. d6
{[%clk 0:07:21]} Ke6 {[%clk 0:03:12]} 0-1

[Event "European Individual Chess Championship 2017"]
[Site "Minsk"]
[Date "2017.06.08"]
[Round "9.16"]
[White "Fedoseev, Vladimir"]
[Black "Saric, Ivan"]
[Result "1-0"]
[BlackElo "2618"]
[WhiteElo "2690"]
[LiveChessVersion "1.4.8"]

1. d4 {[%clk 1:30:58]} Nf6 {[%clk 1:30:56]} 2. c4 {[%clk 1:31:15]} g6
{[%clk 1:31:22]} 3. Nc3 {[%clk 1:30:54]} Bg7 {[%clk 1:31:47]} 4. e4
{[%clk 1:29:54]} d6 {[%clk 1:32:14]} 5. Bd3 {[%clk 1:30:05]} O-O {[%clk 1:27:49]}
6. Nge2 {[%clk 1:30:13]} Nbd7 {[%clk 1:27:09]} 7. Bc2 {[%clk 1:23:12]} a6
{[%clk 1:27:11]} 8. a4 {[%clk 1:18:17]} e5 {[%clk 1:24:30]} 9. O-O
{[%clk 1:08:55]} exd4 {[%clk 1:21:19]} 10. Nxd4 {[%clk 1:09:14]} Ne5
{[%clk 1:19:16]} 11. b3 {[%clk 1:07:42]} Nc6 {[%clk 1:12:06]} 12. Nde2
{[%clk 1:08:02]} Nd7 {[%clk 1:10:44]} 13. Be3 {[%clk 1:04:01]} Nb4
{[%clk 1:08:07]} 14. Qd2 {[%clk 1:00:10]} Ne5 {[%clk 1:07:26]} 15. Rad1
{[%clk 0:56:35]} Nxc2 {[%clk 0:52:31]} 16. Qxc2 {[%clk 0:55:42]} b6
{[%clk 0:51:48]} 17. Qd2 {[%clk 0:51:44]} Bb7 {[%clk 0:49:20]} 18. Nd5
{[%clk 0:49:19]} Qd7 {[%clk 0:38:04]} 19. Bd4 {[%clk 0:46:20]} f5
{[%clk 0:30:00]} 20. f4 {[%clk 0:45:57]} Ng4 {[%clk 0:28:57]} 21. h3
{[%clk 0:39:24]} Nh6 {[%clk 0:27:57]} 22. Bxg7 {[%clk 0:39:15]} Qxg7
{[%clk 0:28:03]} 23. Qd4 {[%clk 0:32:58]} Rae8 {[%clk 0:16:38]} 24. Qxg7+
{[%clk 0:27:54]} Kxg7 {[%clk 0:17:03]} 25. Nxc7 {[%clk 0:28:09]} Re7
{[%clk 0:14:32]} 26. Nd4 {[%clk 0:28:05]} Kf7 {[%clk 0:11:59]} 27. Nd5
{[%clk 0:28:21]} Rxe4 {[%clk 0:12:25]} 28. Nxb6 {[%clk 0:28:33]} Re3
{[%clk 0:08:30]} 29. b4 {[%clk 0:24:17]} Rfe8 {[%clk 0:06:30]} 30. c5
{[%clk 0:24:00]} dxc5 {[%clk 0:06:55]} 31. bxc5 {[%clk 0:24:22]} Kg8
{[%clk 0:05:14]} 32. c6 {[%clk 0:24:28]} Bc8 {[%clk 0:05:33]} 33. Nd5
{[%clk 0:23:44]} 1-0

[Event "European Individual Chess Championship 2017"]
[Site "Minsk"]
[Date "2017.06.08"]
[Round "9.17"]
[White "Erdos, Viktor"]
[Black "Mamedov, Rauf"]
[Result "1-0"]
[BlackElo "2689"]
[WhiteElo "2614"]
[LiveChessVersion "1.4.8"]

1. d4 {[%clk 1:30:46]} Nf6 {[%clk 1:30:57]} 2. c4 {[%clk 1:31:02]} g6
{[%clk 1:31:24]} 3. Nc3 {[%clk 1:30:52]} Bg7 {[%clk 1:31:50]} 4. e4
{[%clk 1:30:54]} d6 {[%clk 1:32:16]} 5. Nf3 {[%clk 1:31:15]} O-O {[%clk 1:32:39]}
6. Be2 {[%clk 1:31:43]} e5 {[%clk 1:32:35]} 7. O-O {[%clk 1:32:03]} Nc6
{[%clk 1:31:56]} 8. d5 {[%clk 1:31:32]} Ne7 {[%clk 1:31:40]} 9. Bg5
{[%clk 1:31:57]} h6 {[%clk 1:22:34]} 10. Bxf6 {[%clk 1:32:14]} Bxf6
{[%clk 1:23:01]} 11. b4 {[%clk 1:32:33]} a5 {[%clk 1:19:26]} 12. a3
{[%clk 1:32:55]} Bg7 {[%clk 1:17:52]} 13. c5 {[%clk 1:32:12]} f5 {[%clk 1:14:06]}
14. Bd3 {[%clk 1:32:00]} Kh8 {[%clk 1:01:20]} 15. Rc1 {[%clk 1:24:52]} axb4
{[%clk 0:54:53]} 16. axb4 {[%clk 1:18:56]} Bd7 {[%clk 0:47:47]} 17. Nd2
{[%clk 1:08:10]} f4 {[%clk 0:40:26]} 18. Nb5 {[%clk 0:47:39]} Rf6
{[%clk 0:35:19]} 19. Qb3 {[%clk 0:41:43]} g5 {[%clk 0:30:44]} 20. cxd6
{[%clk 0:36:53]} cxd6 {[%clk 0:30:59]} 21. Nc7 {[%clk 0:36:06]} Rc8
{[%clk 0:29:30]} 22. Ne6 {[%clk 0:36:29]} Bxe6 {[%clk 0:28:05]} 23. dxe6
{[%clk 0:36:54]} g4 {[%clk 0:25:54]} 24. Bb5 {[%clk 0:30:07]} Rxc1
{[%clk 0:18:27]} 25. Rxc1 {[%clk 0:30:32]} g3 {[%clk 0:18:56]} 26. hxg3
{[%clk 0:25:31]} fxg3 {[%clk 0:19:14]} 27. Qxg3 {[%clk 0:25:54]} Rxe6
{[%clk 0:19:41]} 28. Qh3 {[%clk 0:25:00]} Rf6 {[%clk 0:14:04]} 29. Qd7
{[%clk 0:25:26]} Qxd7 {[%clk 0:10:47]} 30. Bxd7 {[%clk 0:25:54]} d5
{[%clk 0:11:01]} 31. Rc7 {[%clk 0:25:08]} b6 {[%clk 0:09:46]} 32. b5
{[%clk 0:20:34]} Bf8 {[%clk 0:09:29]} 33. Kf1 {[%clk 0:15:49]} Rd6
{[%clk 0:08:02]} 34. Bc6 {[%clk 0:11:46]} dxe4 {[%clk 0:07:03]} 35. Nc4
{[%clk 0:11:50]} Rd1+ {[%clk 0:06:10]} 36. Ke2 {[%clk 0:12:16]} Rb1
{[%clk 0:04:26]} 37. Nxe5 {[%clk 0:09:10]} Rb2+ {[%clk 0:04:42]} 38. Ke3
{[%clk 0:09:24]} Rb4 {[%clk 0:05:10]} 39. Rxe7 {[%clk 0:08:25]} 1-0

[Event "European Individual Chess Championship 2017"]
[Site "Minsk"]
[Date "2017.06.08"]
[Round "9.18"]
[White "Movsesian, Sergei"]
[Black "Prohaszka, Peter"]
[Result "1/2-1/2"]
[BlackElo "2596"]
[WhiteElo "2680"]
[LiveChessVersion "1.4.8"]

1. c4 {[%clk 1:30:55]} c6 {[%clk 1:30:41]} 2. Nf3 {[%clk 1:31:07]} d5
{[%clk 1:31:04]} 3. g3 {[%clk 1:31:25]} Bg4 {[%clk 1:31:10]} 4. Qb3
{[%clk 1:31:26]} Qb6 {[%clk 1:30:35]} 5. Ne5 {[%clk 1:30:59]} Be6
{[%clk 1:30:34]} 6. d3 {[%clk 1:30:54]} g6 {[%clk 1:22:31]} 7. Be3
{[%clk 1:28:59]} Qxb3 {[%clk 1:19:25]} 8. axb3 {[%clk 1:29:26]} Bg7
{[%clk 1:19:38]} 9. Nf3 {[%clk 1:29:52]} Bxb2 {[%clk 0:56:06]} 10. Rxa7
{[%clk 1:30:18]} Rxa7 {[%clk 0:56:32]} 11. Bxa7 {[%clk 1:30:43]} Nd7
{[%clk 0:56:58]} 12. Bd4 {[%clk 1:26:07]} Bxd4 {[%clk 0:57:22]} 13. Nxd4
{[%clk 1:26:34]} Ngf6 {[%clk 0:53:02]} 14. Nc3 {[%clk 1:23:47]} O-O
{[%clk 0:47:31]} 15. Bg2 {[%clk 1:20:33]} Rd8 {[%clk 0:44:19]} 16. Kd2
{[%clk 1:06:20]} Nc5 {[%clk 0:44:11]} 17. Nxe6 {[%clk 1:05:21]} Nxe6
{[%clk 0:37:51]} 18. cxd5 {[%clk 1:04:24]} Nxd5 {[%clk 0:28:15]} 19. Nxd5
{[%clk 0:58:29]} cxd5 {[%clk 0:28:44]} 20. e3 {[%clk 0:48:19]} Nc5
{[%clk 0:22:08]} 21. b4 {[%clk 0:46:42]} Na6 {[%clk 0:22:35]} 22. b5
{[%clk 0:45:46]} Nc7 {[%clk 0:16:16]} 23. Rc1 {[%clk 0:46:09]} Nxb5
{[%clk 0:15:46]} 24. Rc5 {[%clk 0:46:33]} Nd6 {[%clk 0:16:02]} 25. Bxd5
{[%clk 0:46:04]} Kg7 {[%clk 0:07:09]} 26. Ke2 {[%clk 0:41:27]} Rd7
{[%clk 0:05:55]} 27. Bb3 {[%clk 0:40:14]} h5 {[%clk 0:04:10]} 28. h3
{[%clk 0:38:08]} b6 {[%clk 0:03:15]} 29. Rc6 {[%clk 0:34:22]} b5 {[%clk 0:03:41]}
30. Ra6 {[%clk 0:33:37]} Nb7 {[%clk 0:02:34]} 31. Rb6 {[%clk 0:33:01]} Nc5
{[%clk 0:02:58]} 32. Bc2 {[%clk 0:32:39]} Rb7 {[%clk 0:03:07]} 33. Rc6
{[%clk 0:32:20]} Nd7 {[%clk 0:03:33]} 34. d4 {[%clk 0:27:51]} b4 {[%clk 0:03:27]}
35. Bb3 {[%clk 0:27:27]} Nf6 {[%clk 0:03:44]} 36. Kd3 {[%clk 0:25:17]} e6
{[%clk 0:01:58]} 37. e4 {[%clk 0:24:42]} Nd7 {[%clk 0:02:27]} 38. f4
{[%clk 0:23:40]} Nb8 {[%clk 0:02:11]} 39. Rc4 {[%clk 0:20:48]} Na6
{[%clk 0:02:26]} 40. d5 {[%clk 0:50:23]} exd5 {[%clk 0:32:30]} 41. exd5
{[%clk 0:50:48]} Nc7 {[%clk 0:17:49]} 42. Rc6 {[%clk 0:44:25]} Ne8
{[%clk 0:18:16]} 43. Kd4 {[%clk 0:42:57]} Rd7 {[%clk 0:18:24]} 44. Rb6
{[%clk 0:38:52]} Nd6 {[%clk 0:18:06]} 45. Ke5 {[%clk 0:34:16]} Nf5
{[%clk 0:17:05]} 46. d6 {[%clk 0:33:52]} Nxg3 {[%clk 0:13:01]} 47. Bc2
{[%clk 0:28:19]} Ra7 {[%clk 0:13:09]} 48. Rb5 {[%clk 0:25:21]} h4
{[%clk 0:04:06]} 49. Rd5 {[%clk 0:21:49]} Rd7 {[%clk 0:03:41]} 50. Ba4
{[%clk 0:07:59]} Rd8 {[%clk 0:04:11]} 51. d7 {[%clk 0:07:59]} Nh5
{[%clk 0:00:47]} 52. Rd4 {[%clk 0:02:42]} Nf6 {[%clk 0:01:07]} 53. Kd6
{[%clk 0:02:41]} b3 {[%clk 0:01:19]} 54. Rb4 {[%clk 0:02:22]} Nxd7
{[%clk 0:00:33]} 55. Bxd7 {[%clk 0:02:46]} Kf6 {[%clk 0:00:48]} 56. Rxb3
{[%clk 0:02:40]} Ra8 {[%clk 0:00:32]} 57. Kd5 {[%clk 0:02:14]} Rd8
{[%clk 0:00:57]} 58. Kd6 {[%clk 0:02:02]} Ra8 {[%clk 0:01:27]} 59. Rd3
{[%clk 0:01:53]} Ra5 {[%clk 0:01:29]} 60. Kc6 {[%clk 0:00:55]} Ra4
{[%clk 0:01:42]} 61. Rf3 {[%clk 0:00:58]} Ra1 {[%clk 0:01:58]} 62. Bg4
{[%clk 0:00:52]} Rg1 {[%clk 0:01:42]} 63. Kd5 {[%clk 0:01:05]} Rg3
{[%clk 0:01:17]} 64. Rf2 {[%clk 0:01:12]} Kg7 {[%clk 0:01:09]} 65. f5
{[%clk 0:01:41]} Kh6 {[%clk 0:00:47]} 66. Ke4 {[%clk 0:01:45]} Kg5
{[%clk 0:01:08]} 67. fxg6 {[%clk 0:01:23]} fxg6 {[%clk 0:01:37]} 68. Rd2
{[%clk 0:01:39]} Rg1 {[%clk 0:01:00]} 69. Rd5+ {[%clk 0:01:58]} Kh6
{[%clk 0:01:15]} 70. Kf4 {[%clk 0:02:18]} Rg2 {[%clk 0:00:39]} 71. Rd8
{[%clk 0:02:25]} Ra2 {[%clk 0:00:43]} 72. Bf3 {[%clk 0:01:55]} Ra3
{[%clk 0:01:12]} 73. Rd4 {[%clk 0:01:50]} Ra1 {[%clk 0:00:40]} 74. Ke3
{[%clk 0:01:30]} Ra3+ {[%clk 0:01:01]} 75. Kf2 {[%clk 0:01:54]} g5
{[%clk 0:00:47]} 76. Bg4 {[%clk 0:01:49]} Rg3 {[%clk 0:01:08]} 77. Rd6+
{[%clk 0:01:42]} Kg7 {[%clk 0:01:32]} 78. Ra6 {[%clk 0:02:00]} Kf7
{[%clk 0:01:42]} 79. Be6+ {[%clk 0:01:39]} Ke7 {[%clk 0:01:34]} 80. Rb6
{[%clk 0:01:48]} Kf6 {[%clk 0:01:35]} 81. Ke2 {[%clk 0:01:26]} Kg6
{[%clk 0:00:57]} 82. Bg4+ {[%clk 0:01:17]} Kf7 {[%clk 0:00:53]} 83. Rb1
{[%clk 0:01:24]} Kf6 {[%clk 0:01:11]} 84. Rf1+ {[%clk 0:01:25]} Kg7
{[%clk 0:01:20]} 85. Rh1 {[%clk 0:00:54]} Kf6 {[%clk 0:01:43]} 86. Kf2
{[%clk 0:01:03]} Kg6 {[%clk 0:02:01]} 87. Bf3 {[%clk 0:00:46]} Kf6
{[%clk 0:01:54]} 88. Bg4 {[%clk 0:00:48]} Kg6 {[%clk 0:01:35]} 89. Re1
{[%clk 0:02:55]} Kf6 {[%clk 0:01:47]} 90. Re6+ {[%clk 0:02:44]} Kf7
{[%clk 0:02:09]} 91. Re3 {[%clk 0:01:05]} Rxe3 {[%clk 0:01:33]} 92. Kxe3
{[%clk 0:01:33]} Ke7 {[%clk 0:01:58]} 93. Ke4 {[%clk 0:02:00]} Kd6
{[%clk 0:02:25]} 94. Kf5 {[%clk 0:02:26]} Kd5 {[%clk 0:01:28]} 95. Bf3+
{[%clk 0:02:27]} Kd6 {[%clk 0:01:16]} 96. Kf6 {[%clk 0:02:49]} Kc5
{[%clk 0:00:50]} 97. Ke5 {[%clk 0:02:40]} Kc4 {[%clk 0:01:08]} 98. Bc6
{[%clk 0:02:11]} Kc5 {[%clk 0:00:46]} 99. Bd5 {[%clk 0:02:35]} Kb6
{[%clk 0:00:35]} 100. Kd6 {[%clk 0:02:11]} Kb5 {[%clk 0:01:05]} 101. Bf7
{[%clk 0:02:28]} Kb4 {[%clk 0:01:06]} 102. Kd5 {[%clk 0:02:31]} Kb5
{[%clk 0:00:48]} 103. Be8+ {[%clk 0:02:52]} Kb4 {[%clk 0:00:32]} 104. Kd4
{[%clk 0:03:10]} Kb3 {[%clk 0:00:36]} 105. Bf7+ {[%clk 0:03:24]} Kb4
{[%clk 0:00:33]} 106. Bc4 {[%clk 0:03:50]} Ka4 {[%clk 0:00:34]} 107. Kc5
{[%clk 0:02:41]} Ka3 {[%clk 0:01:03]} 108. Bg8 {[%clk 0:02:20]} Ka4
{[%clk 0:01:03]} 109. Bf7 {[%clk 0:02:26]} Ka5 {[%clk 0:00:40]} 110. Be8
{[%clk 0:02:11]} Ka6 {[%clk 0:01:09]} 111. Bc6 {[%clk 0:02:34]} Ka7
{[%clk 0:01:33]} 112. Bd5 {[%clk 0:01:51]} Ka6 {[%clk 0:01:25]} 113. Bf3
{[%clk 0:01:22]} Ka5 {[%clk 0:01:01]} 114. Be2 {[%clk 0:01:21]} Ka4
{[%clk 0:01:30]} 115. Bc4 {[%clk 0:00:39]} Ka3 {[%clk 0:01:59]} 116. Kb5
{[%clk 0:01:02]} Kb2 {[%clk 0:02:28]} 117. Kb4 {[%clk 0:01:22]} Kc2
{[%clk 0:02:50]} 118. Ba6 {[%clk 0:00:42]} Kd2 {[%clk 0:03:00]} 119. Kc4
{[%clk 0:01:05]} Ke3 {[%clk 0:03:17]} 120. Bc8 {[%clk 0:01:17]} g4
{[%clk 0:02:39]} 121. Bxg4 {[%clk 0:01:05]} 1/2-1/2

[Event "European Individual Chess Championship 2017"]
[Site "Minsk"]
[Date "2017.06.08"]
[Round "9.19"]
[White "Areshchenko, Alexander"]
[Black "Hracek, Zbynek"]
[Result "1-0"]
[BlackElo "2612"]
[WhiteElo "2677"]
[LiveChessVersion "1.4.8"]

1. e4 {[%clk 1:30:56]} e5 {[%clk 1:30:54]} 2. Nf3 {[%clk 1:31:22]} Nc6
{[%clk 1:31:20]} 3. Bc4 {[%clk 1:31:48]} Nf6 {[%clk 1:31:45]} 4. d3
{[%clk 1:32:15]} Be7 {[%clk 1:32:06]} 5. O-O {[%clk 1:32:25]} O-O
{[%clk 1:32:30]} 6. h3 {[%clk 1:31:40]} d6 {[%clk 1:32:09]} 7. a3
{[%clk 1:31:58]} Be6 {[%clk 1:30:41]} 8. Re1 {[%clk 1:30:52]} a5 {[%clk 1:21:56]}
9. Nc3 {[%clk 1:16:25]} Bxc4 {[%clk 0:58:23]} 10. dxc4 {[%clk 1:16:48]} Nb8
{[%clk 0:58:47]} 11. c5 {[%clk 1:08:10]} Nbd7 {[%clk 0:52:49]} 12. cxd6
{[%clk 1:08:31]} Bxd6 {[%clk 0:53:17]} 13. Bg5 {[%clk 1:02:13]} Be7
{[%clk 0:42:28]} 14. Re3 {[%clk 0:56:19]} Re8 {[%clk 0:32:12]} 15. Rd3
{[%clk 0:47:13]} Qc8 {[%clk 0:28:55]} 16. Bxf6 {[%clk 0:39:35]} Nxf6
{[%clk 0:29:22]} 17. Nxe5 {[%clk 0:39:23]} Qe6 {[%clk 0:27:21]} 18. Nf3
{[%clk 0:32:37]} Nxe4 {[%clk 0:27:10]} 19. Nxe4 {[%clk 0:27:59]} Qxe4
{[%clk 0:27:33]} 20. Re3 {[%clk 0:25:18]} Qa4 {[%clk 0:21:13]} 21. Qd5
{[%clk 0:14:39]} Bf6 {[%clk 0:06:16]} 22. b3 {[%clk 0:10:11]} Qc6
{[%clk 0:03:32]} 23. Qxc6 {[%clk 0:10:32]} bxc6 {[%clk 0:04:00]} 24. Rxe8+
{[%clk 0:10:12]} Rxe8 {[%clk 0:04:29]} 25. Re1 {[%clk 0:10:03]} Rd8
{[%clk 0:02:15]} 26. Kf1 {[%clk 0:09:52]} a4 {[%clk 0:01:08]} 27. bxa4
{[%clk 0:08:13]} Kf8 {[%clk 0:01:37]} 28. Re4 {[%clk 0:07:27]} Rd1+
{[%clk 0:01:04]} 29. Ke2 {[%clk 0:07:52]} Ra1 {[%clk 0:01:31]} 30. Nd2
{[%clk 0:01:59]} Rxa3 {[%clk 0:01:42]} 31. Nb3 {[%clk 0:02:22]} h5
{[%clk 0:01:17]} 32. Kd2 {[%clk 0:02:34]} h4 {[%clk 0:01:02]} 33. Rc4
{[%clk 0:01:32]} Ke7 {[%clk 0:00:48]} 34. Rxc6 {[%clk 0:00:55]} Kd7
{[%clk 0:00:40]} 35. Ra6 {[%clk 0:00:44]} Be7 {[%clk 0:00:38]} 36. Kc1
{[%clk 0:00:48]} Bf6 {[%clk 0:00:36]} 37. Rxf6 {[%clk 0:00:53]} 1-0

[Event "European Individual Chess Championship 2017"]
[Site "Minsk"]
[Date "2017.06.08"]
[Round "9.20"]
[White "Riazantsev, Alexander"]
[Black "Bocharov, Dmitry"]
[Result "1/2-1/2"]
[BlackElo "2574"]
[WhiteElo "2659"]
[LiveChessVersion "1.4.8"]

1. d4 {[%clk 1:30:55]} Nf6 {[%clk 1:30:39]} 2. c4 {[%clk 1:31:16]} e6
{[%clk 1:30:58]} 3. Nc3 {[%clk 1:31:35]} Bb4 {[%clk 1:31:08]} 4. e3
{[%clk 1:31:48]} O-O {[%clk 1:30:38]} 5. Bd3 {[%clk 1:32:02]} d5 {[%clk 1:30:14]}
6. Nf3 {[%clk 1:32:06]} c5 {[%clk 1:28:00]} 7. cxd5 {[%clk 1:30:49]} exd5
{[%clk 1:27:37]} 8. dxc5 {[%clk 1:31:04]} Nbd7 {[%clk 1:27:29]} 9. Bd2
{[%clk 1:29:33]} Nxc5 {[%clk 1:26:57]} 10. Be2 {[%clk 1:29:52]} Ne6
{[%clk 1:26:30]} 11. a3 {[%clk 1:28:49]} Be7 {[%clk 1:13:00]} 12. O-O
{[%clk 1:27:00]} a6 {[%clk 1:08:55]} 13. Rc1 {[%clk 1:16:44]} b6 {[%clk 1:04:35]}
14. Na2 {[%clk 1:06:46]} Bb7 {[%clk 1:03:34]} 15. Nb4 {[%clk 0:50:35]} Nc5
{[%clk 0:57:57]} 16. Bc3 {[%clk 0:44:25]} Nfe4 {[%clk 0:56:46]} 17. Bd4
{[%clk 0:44:14]} a5 {[%clk 0:49:36]} 18. Na2 {[%clk 0:41:26]} Ne6
{[%clk 0:38:24]} 19. Be5 {[%clk 0:36:45]} Bf6 {[%clk 0:31:56]} 20. Nc3
{[%clk 0:34:23]} Bxe5 {[%clk 0:23:18]} 21. Nxe5 {[%clk 0:34:47]} Nxc3
{[%clk 0:22:31]} 22. Rxc3 {[%clk 0:34:12]} d4 {[%clk 0:21:19]} 23. Nc6
{[%clk 0:23:39]} Bxc6 {[%clk 0:16:12]} 24. Rxc6 {[%clk 0:23:45]} dxe3
{[%clk 0:16:10]} 25. Qxd8 {[%clk 0:23:13]} exf2+ {[%clk 0:13:15]} 26. Rxf2
{[%clk 0:23:03]} Rfxd8 {[%clk 0:12:40]} 27. Rxb6 {[%clk 0:23:18]} Rac8
{[%clk 0:10:30]} 28. Rb7 {[%clk 0:18:23]} Nd4 {[%clk 0:05:34]} 29. Bd3
{[%clk 0:16:02]} f5 {[%clk 0:05:37]} 30. h3 {[%clk 0:14:50]} g6 {[%clk 0:05:48]}
31. Kh2 {[%clk 0:10:37]} Kh8 {[%clk 0:05:37]} 32. Bf1 {[%clk 0:05:37]} Rb8
{[%clk 0:05:36]} 33. Ra7 {[%clk 0:05:32]} Nb3 {[%clk 0:04:54]} 34. Rc2
{[%clk 0:03:26]} Rbc8 {[%clk 0:04:34]} 35. Rf2 {[%clk 0:01:31]} Rc5
{[%clk 0:02:47]} 36. g4 {[%clk 0:01:06]} Rd2 {[%clk 0:02:39]} 37. Rxd2
{[%clk 0:00:42]} Nxd2 {[%clk 0:03:00]} 38. Bd3 {[%clk 0:00:48]} f4
{[%clk 0:01:53]} 39. Kg2 {[%clk 0:00:44]} Rd5 {[%clk 0:01:17]} 40. Ba6
{[%clk 0:30:40]} g5 {[%clk 0:31:06]} 41. b4 {[%clk 0:25:12]} axb4
{[%clk 0:29:16]} 42. axb4 {[%clk 0:24:38]} Rd4 {[%clk 0:26:37]} 43. Rb7
{[%clk 0:22:36]} Ne4 {[%clk 0:16:03]} 44. Kf3 {[%clk 0:21:47]} Ng3
{[%clk 0:14:20]} 45. Kf2 {[%clk 0:13:06]} Rd2+ {[%clk 0:12:12]} 46. Kf3
{[%clk 0:11:41]} h6 {[%clk 0:09:55]} 47. Bc4 {[%clk 0:10:50]} Rc2
{[%clk 0:07:51]} 48. Rh7+ {[%clk 0:06:09]} Kxh7 {[%clk 0:07:22]} 49. Bd3+
{[%clk 0:06:37]} Kg7 {[%clk 0:07:33]} 50. Bxc2 {[%clk 0:07:06]} Kf6
{[%clk 0:07:19]} 51. Bd3 {[%clk 0:05:08]} Ke5 {[%clk 0:07:24]} 52. b5
{[%clk 0:05:27]} Kd5 {[%clk 0:07:11]} 53. Kf2 {[%clk 0:04:56]} Kc5
{[%clk 0:07:24]} 1/2-1/2

[Event "European Individual Chess Championship 2017"]
[Site "?"]
[Date "2017.06.08"]
[Round "9.21"]
[White "Mchedlishvili, Mikheil"]
[Black "Grachev, Boris"]
[Result "1/2-1/2"]
[BlackElo "2658"]
[WhiteElo "2605"]
[LiveChessVersion "1.4.8"]

1. e4 {[%clk 1:30:53]} c5 {[%clk 1:30:40]} 2. Nf3 {[%clk 1:30:54]} e6
{[%clk 1:31:04]} 3. d4 {[%clk 1:31:03]} cxd4 {[%clk 1:31:29]} 4. Nxd4
{[%clk 1:31:26]} Nc6 {[%clk 1:31:55]} 5. Nc3 {[%clk 1:31:08]} a6 {[%clk 1:32:11]}
6. Nxc6 {[%clk 1:30:51]} bxc6 {[%clk 1:32:30]} 7. e5 {[%clk 1:30:20]} Qc7
{[%clk 1:31:13]} 8. Bf4 {[%clk 1:29:35]} c5 {[%clk 1:27:04]} 9. Ne4
{[%clk 1:15:19]} Bb7 {[%clk 1:02:40]} 10. Nd6+ {[%clk 1:14:42]} Bxd6
{[%clk 1:02:57]} 11. Qxd6 {[%clk 1:05:32]} Rc8 {[%clk 1:02:59]} 12. O-O-O
{[%clk 0:56:03]} Ne7 {[%clk 1:02:36]} 13. f3 {[%clk 0:54:16]} Nd5
{[%clk 0:51:24]} 14. Qxc7 {[%clk 0:52:55]} Rxc7 {[%clk 0:51:27]} 15. Bg3
{[%clk 0:50:13]} O-O {[%clk 0:46:38]} 16. c4 {[%clk 0:47:11]} 1/2-1/2